Prečo sú služby kvalitných, nezávislých full-servisových reklamných agentúr pre klienta najefektívnejším riešením
Služby kvalitných full-servisových reklamných agentúr. Charakteristika full-servisovej reklamnej agentúry. Hlavné dôvody prečo klienti dávajú prednosť full-servisovým agentúram - ľudia, efektívnosť, objektívnosť, zodpovednosť, tvorivosť, inovatívnosť, pružnosť, skúsenosť a hodnota. Perspektívy agent...
Guardado en:
| Formato: | Capítulo de libro |
|---|---|
| Lenguaje: | eslovaco |
| Materias: | |
| Etiquetas: |
Sin Etiquetas, Sea el primero en etiquetar este registro!
|
MARC
| LEADER | 00000naa a2200000 4500 | ||
|---|---|---|---|
| 001 | r027650 | ||
| 005 | 20240425122301.9 | ||
| 041 | 0 | |a slo | |
| 044 | |a SK | ||
| 245 | 1 | 0 | |a Prečo sú služby kvalitných, nezávislých full-servisových reklamných agentúr pre klienta najefektívnejším riešením |
| 520 | |a Služby kvalitných full-servisových reklamných agentúr. Charakteristika full-servisovej reklamnej agentúry. Hlavné dôvody prečo klienti dávajú prednosť full-servisovým agentúram - ľudia, efektívnosť, objektívnosť, zodpovednosť, tvorivosť, inovatívnosť, pružnosť, skúsenosť a hodnota. Perspektívy agentúr s kompletným servisom. | ||
| 610 | 2 | 0 | |a reklama |
| 610 | 2 | 0 | |a agentúry |
| 610 | 2 | 0 | |a agentúry reklamné |
| 610 | 2 | 0 | |a služby |
| 610 | 2 | 0 | |a klienti |
| 610 | 2 | 0 | |a Slovensko |
| 610 | 2 | 0 | |a servis |